[Event "Landesklasse West 2024/25"]
[Site "?"]
[Date "2024.10.20"]
[Round "2.3"]
[White "Pfitzenreuter, Gerald"]
[Black "Theer, Tino"]
[Result "1/2-1/2"]
[WhiteElo "1863"]
[BlackElo "1762"]
[PlyCount "66"]
[EventDate "2024.09.15"]
[EventType "team-tourn"]
[EventRounds "9"]
[WhiteTeam "SC Rochade Leinefelde"]
[BlackTeam "SG Barchfeld/Breitungen"]

{[%evp 0,66,23,29,29,-7,6,6,6,10,21,-7,10,26,26,33,51,47,78,35,78,22,97,49,80,80,65,77,84,84,81,80,101,124,198,170,228,237,221,84,94,84,109,109,127,86,95,88,102,97,163,146,144,148,140,139,139,80,135,68,68,68,70,33,50,36,1216,-1934,105]} 1. d4 Nf6 2. c4 e6 3. Nf3 d5 4. Nc3 Bb4 5. Qb3 a5 6. a3 Bxc3+ 7. Qxc3 dxc4 8. Qxc4 O-O 9. Bg5 Qd5 10. Qxc7 Nbd7 11. Qc2 b5 12. e3 Bb7 13. Bd3 Rfc8 14. Qe2 Ne4 15. Bh4 Qb3 16. O-O Rc7 17. Rac1 Rac8 18. Rxc7 Rxc7 19. Bg3 Nxg3 20. hxg3 b4 21. axb4 axb4 22. Rd1 Nf6 23. Ne1 Qd5 24. Qd2 Ng4 25. Be2 Qh5 26. Bxg4 Qxg4 27. Ra1 g6 28. Qd1 Qe4 29. Rc1 Rxc1 30. Qxc1 b3 31. Qd1 Qd5 32. Qe2 Qc4 33. Kh2 Ba6 1/2-1/2

[Event "Landesklasse West 2024/25"]
[Site "?"]
[Date "2024.10.20"]
[Round "2.4"]
[White "Crivellaro, Heiko"]
[Black "Hellrung, Bernhard"]
[Result "1-0"]
[WhiteElo "1821"]
[BlackElo "1808"]
[PlyCount "91"]
[EventDate "2024.09.15"]
[EventType "team-tourn"]
[EventRounds "9"]
[WhiteTeam "SG Barchfeld/Breitungen"]
[BlackTeam "SC Rochade Leinefelde"]

{[%evp 0,91,25,-32,-24,-30,-34,-34,-13,-24,-24,-15,-15,-34,-8,-47,-48,-65,-43,-87,-65,-98,-80,-107,-80,-80,-80,-88,-60,-98,-94,-119,-48,-74,-68,-36,-3,-36,3,-1,28,-3,36,-1,5,-15,23,-14,38,21,64,42,65,30,38,43,40,55,43,43,43,49,55,70,68,59,69,46,32,73,77,-35,0,0,0,-18,67,74,107,117,97,79,79,79,108,146,332,282,340,360,360,396,482,395]} 1. f4 d5 2. Nf3 Nf6 3. e3 g6 4. Be2 Bg7 5. O-O O-O 6. d3 b6 7. Qe1 c5 8. Nbd2 Bb7 9. Ng5 h6 10. Nh3 e6 11. Bf3 Qc7 12. e4 Nc6 13. c3 Rae8 14. Bd1 Ba6 15. Be2 dxe4 16. dxe4 Bxe2 17. Qxe2 Ne7 18. Nf3 Rd8 19. Nf2 Qb7 20. a3 a5 21. h3 Nh5 22. Re1 Nf6 23. Ne5 Nd7 24. Nc4 Qc7 25. a4 Nf6 26. Qc2 Nh5 27. e5 Ng3 28. Kh2 Nef5 29. Ne4 Nxe4 30. Qxe4 h5 31. g4 hxg4 32. hxg4 Nh6 33. Kh3 Rd5 34. Be3 Rfd8 35. Nd6 R8xd6 36. exd6 Qxd6 37. Qf3 Rd3 38. Rad1 c4 39. Rxd3 cxd3 40. Rd1 f5 41. g5 Ng4 42. Bg1 e5 43. Qxd3 Qc6 44. Qd5+ Qxd5 45. Rxd5 e4 46. Kg3 1-0

[Event "Landesklasse West 2024/25"]
[Site "?"]
[Date "2024.10.20"]
[Round "2.5"]
[White "Frank, Thomas"]
[Black "Schmidt, Kevin"]
[Result "1-0"]
[WhiteElo "1816"]
[BlackElo "1620"]
[PlyCount "47"]
[EventDate "2024.09.15"]
[EventType "team-tourn"]
[EventRounds "9"]
[WhiteTeam "SC Rochade Leinefelde"]
[BlackTeam "SG Barchfeld/Breitungen"]

{[%evp 0,47,25,29,29,6,6,-4,10,-19,-2,4,24,19,15,5,327,311,311,323,540,457,615,766,764,561,677,555,563,563,650,605,656,602,616,518,641,438,592,523,523,524,630,518,589,527,702,712,711,698]} 1. d4 d5 2. c4 e6 3. Nc3 Nf6 4. cxd5 exd5 5. Bg5 Be7 6. e3 O-O 7. Qc2 Ne4 8. Bxe7 Qxe7 9. Nxd5 Qg5 10. Qxe4 Bd7 11. Nf3 Qh5 12. Qe5 Qh6 13. Bd3 Nc6 14. Qxc7 Qe6 15. Nc3 Nb4 16. Bb1 Rac8 17. Qe5 Qg4 18. Qf4 Qh5 19. Qh4 Qxh4 20. Nxh4 Bb5 21. Be4 Bc6 22. Bxc6 Nc2+ 23. Kd2 Nxa1 24. Be4 1-0

[Event "Landesklasse West 2024/25"]
[Site "?"]
[Date "2024.10.20"]
[Round "2.6"]
[White "Reum, Lutz"]
[Black "Meitzner, Johan Eduard"]
[Result "0-1"]
[WhiteElo "1714"]
[BlackElo "1568"]
[PlyCount "63"]
[EventDate "2024.09.15"]
[EventType "team-tourn"]
[EventRounds "9"]
[WhiteTeam "SG Barchfeld/Breitungen"]
[BlackTeam "SC Rochade Leinefelde"]

{[%evp 0,63,25,-6,2,-65,-55,-56,-51,-64,-64,-48,-28,-48,-47,-30,-24,-18,-15,-45,-22,-58,-15,-29,-23,-27,-13,-11,-12,-16,-10,-10,-13,-5,-12,-1,2,0,11,7,13,8,1,24,20,-7,61,40,81,89,84,80,94,104,107,-30,-40,-544,-592,-604,-563,-654,-688,-688,-708,-713]} 1. c3 d5 2. a3 Nf6 3. d4 Bf5 4. Bg5 e6 5. e3 c5 6. Bd3 Bxd3 7. Qxd3 Be7 8. Bxf6 Bxf6 9. dxc5 Qc7 10. b4 a5 11. Ra2 Nc6 12. Rc2 Ne5 13. Qb5+ Qc6 14. Qxc6+ bxc6 15. Nf3 Nxf3+ 16. gxf3 Ke7 17. Ke2 Ra7 18. Rd1 Rd8 19. f4 g6 20. f3 e5 21. fxe5 Bxe5 22. h3 Rad7 23. Rcd2 a4 24. Rd3 f5 25. Nd2 f4 26. e4 Ke6 27. Nb1 dxe4 28. fxe4 f3+ 29. Ke3 Bf4+ 30. Kxf3 Rxd3+ 31. Rxd3 Rxd3+ 32. Kxf4 0-1

[Event "Landesklasse West 2024/25"]
[Site "?"]
[Date "2024.10.20"]
[Round "2.7"]
[White "Körner, Jonas"]
[Black "Heß, Wolfgang"]
[Result "1-0"]
[WhiteElo "1583"]
[BlackElo "1626"]
[PlyCount "79"]
[EventDate "2024.09.15"]
[EventType "team-tourn"]
[EventRounds "9"]
[WhiteTeam "SC Rochade Leinefelde"]
[BlackTeam "SG Barchfeld/Breitungen"]

{[%evp 0,79,29,18,44,44,22,6,14,-5,-12,-7,13,29,49,47,47,24,25,25,22,26,32,30,30,30,30,30,30,34,40,14,14,24,41,19,14,16,41,48,41,37,41,28,48,29,48,30,42,3,-2,-9,0,0,0,0,0,0,0,13,10,13,34,22,36,41,579,583,1524,328,489,522,526,127,108,127,123,126,163,124,29985,29986]} 1. e4 e6 2. d4 d5 3. e5 c5 4. c3 Nc6 5. Nf3 Be7 6. Bd3 cxd4 7. cxd4 Nb4 8. Nc3 Nxd3+ 9. Qxd3 Bd7 10. O-O a6 11. Be3 Rc8 12. Rfc1 h5 13. Ne2 Nh6 14. Rxc8 Qxc8 15. Bg5 Bxg5 16. Nxg5 Nf5 17. Rc1 Qd8 18. Nf3 O-O 19. Ng3 Nxg3 20. hxg3 Bc6 21. Qe3 Qe7 22. Nh4 Kh7 23. Qe2 g6 24. f4 Qd7 25. g4 Qe7 26. Nf3 hxg4 27. Ng5+ Kg7 28. a3 g3 29. Qg4 Rh8 30. Rc3 Ba4 31. Qxg3 Bc6 32. Qg4 Rg8 33. Rh3 f5 34. exf6+ Kxf6 35. Rh7 Rg7 36. Rxg7 Kxg7 37. Nxe6+ Kf6 38. Nd8 Qe3+ 39. Kh2 Qxd4 40. Qg5+ 1-0

[Event "Landesklasse West 2024/25"]
[Site "?"]
[Date "2024.10.20"]
[Round "2.8"]
[White "Römhild, Uwe"]
[Black "Elzhurkaev, Abdul-Malik"]
[Result "0-1"]
[WhiteElo "1607"]
[BlackElo "1498"]
[PlyCount "62"]
[EventDate "2024.09.15"]
[EventType "team-tourn"]
[EventRounds "9"]
[WhiteTeam "SG Barchfeld/Breitungen"]
[BlackTeam "SC Rochade Leinefelde"]

{[%evp 0,62,29,24,40,27,30,48,65,59,66,16,35,30,49,1,16,0,-7,-17,-7,-16,-16,-18,-15,-19,5,-27,-24,-95,-23,-42,-40,-44,-33,-32,-25,-29,-43,-32,14,-82,-59,-166,-214,-224,-224,-265,-389,-354,-276,-369,-522,-662,-660,-702,-1176,-1173,-1203,-29995,-29992,-29993,-29994,-29999,-30000]} 1. e4 d5 2. exd5 Nf6 3. Nc3 c6 4. d4 cxd5 5. Bb5+ Nc6 6. Nf3 a6 7. Be2 Bf5 8. O-O e6 9. Nh4 Bg6 10. Nxg6 hxg6 11. Bf3 Bd6 12. g3 Qc7 13. Bg2 O-O-O 14. Bg5 Rh5 15. Bxf6 gxf6 16. Ne2 Rdh8 17. h3 Ne7 18. Qd3 Kb8 19. Rac1 e5 20. dxe5 fxe5 21. Bxd5 Nxd5 22. Qxd5 Rxh3 23. Kg2 Rh2+ 24. Kf3 f5 25. Nc3 e4+ 26. Nxe4 fxe4+ 27. Qxe4 Qf7+ 28. Kg4 Qd7+ 29. Kg5 R8h5+ 30. Kf6 Rf5+ 31. Kxg6 Qf7# 0-1

[Event "Thüringenliga 2024/25"]
[Site "?"]
[Date "2024.11.24"]
[Round "3.1"]
[White "Recknagel, Michael"]
[Black "Kölsch, Maximilian"]
[Result "0-1"]
[WhiteElo "2084"]
[BlackElo "2140"]
[PlyCount "124"]
[EventDate "2024.09.15"]
[EventType "team-tourn"]
[EventRounds "9"]
[WhiteTeam "SC Suhl"]
[BlackTeam "SV Schott Jena"]

1. e4 c5 2. Nc3 e6 3. Nge2 a6 4. g3 Nc6 5. Bg2 d6 6. O-O Nf6 7. d4 cxd4 8. Nxd4 Bd7 9. Nce2 Qc7 10. Re1 Be7 11. Nxc6 Bxc6 12. Nd4 Bd7 13. c3 O-O 14. Qe2 Rfe8 15. Bd2 h6 16. Rad1 Bf8 17. Bc1 Rad8 18. Qf3 Qc8 19. h3 e5 20. Nf5 Bxf5 21. exf5 d5 22. g4 Bc5 23. Qg3 e4 24. Bf4 Qc6 25. Re2 d4 26. cxd4 Rxd4 27. Rc1 Qd5 28. Rec2 b6 29. Bf1 Rd1 30. Rxd1 Qxd1 31. Rd2 Qb1 32. Be3 Bb4 33. Rd4 Qxb2 34. Bc4 Bc5 35. Rd1 Bxe3 36. Qxe3 b5 37. Bb3 Qe5 38. Qa7 Qe7 39. Qxe7 Rxe7 40. Rd8+ Re8 41. Rd6 a5 42. a4 e3 43. fxe3 bxa4 44. Ba2 Kf8 45. Rd3 Rb8 46. Ra3 Rb4 47. Kf1 Ke7 48. Ke2 Nd7 49. Bd5 Nb6 50. Ba2 Rb2+ 51. Kf3 Rb4 52. Rc3 Nd7 53. e4 g5 54. fxg6 fxg6 55. Kf4 Nf6 56. Kf3 Kd6 57. e5+ Kxe5 58. Rc5+ Kd4 59. Rc6 Nd5 60. Rd6 Rb3+ 61. Bxb3 axb3 62. Re6 b2 0-1

[Event "Thüringenliga 2024/25"]
[Site "?"]
[Date "2024.11.24"]
[Round "3.2"]
[White "Junge, Mattheo Gabriel"]
[Black "Berghof, Axel"]
[Result "0-1"]
[WhiteElo "1925"]
[BlackElo "2042"]
[PlyCount "58"]
[EventDate "2024.09.15"]
[EventType "team-tourn"]
[EventRounds "9"]
[WhiteTeam "SV Schott Jena"]
[BlackTeam "SC Suhl"]

1. e4 e6 2. d4 d5 3. e5 b6 4. Nf3 Ba6 5. Bxa6 Nxa6 6. c3 Qd7 7. O-O Ne7 8. Nbd2 h6 9. Ne1 c5 10. f4 cxd4 11. cxd4 Nf5 12. Ndf3 h5 13. Nc2 Be7 14. Ne3 Nc7 15. Bd2 g6 16. Rc1 O-O 17. Nxf5 exf5 18. Be1 Ne6 19. Bg3 Rfc8 20. Qd2 Qa4 21. a3 b5 22. Rfd1 Rc4 23. Rxc4 bxc4 24. Rc1 Rb8 25. Bh4 Bxh4 26. Nxh4 Qb3 27. Rb1 c3 28. Qe1 c2 29. Rc1 Qxb2 0-1

[Event "Thüringenliga 2024/25"]
[Site "?"]
[Date "2024.11.24"]
[Round "3.3"]
[White "Feld-Gerdes, Wolfgang"]
[Black "August, Daniel"]
[Result "1-0"]
[WhiteElo "2053"]
[BlackElo "2032"]
[PlyCount "65"]
[EventDate "2024.09.15"]
[EventType "team-tourn"]
[EventRounds "9"]
[WhiteTeam "SC Suhl"]
[BlackTeam "SV Schott Jena"]

1. e4 d6 2. d4 Nf6 3. Nc3 e5 4. Nge2 Be7 5. h3 c6 6. a4 Nbd7 7. g4 h5 8. g5 Nh7 9. h4 Nhf8 10. f4 exf4 11. Bxf4 Ne6 12. Bg3 Nb6 13. Qd3 a5 14. Bg2 g6 15. O-O O-O 16. Rf2 d5 17. Raf1 Ng7 18. Be5 Be6 19. Nf4 dxe4 20. Qxe4 Bf5 21. Qe1 Nc4 22. Bxg7 Kxg7 23. Nxh5+ gxh5 24. Rxf5 Qxd4+ 25. Kh1 Bd6 26. Qe4 Qxe4 27. Nxe4 Bc7 28. R5f3 Rae8 29. Nf6 Re7 30. Nxh5+ Kg6 31. Nf4+ Bxf4 32. Rxf4 Ne3 33. R1f2 1-0

[Event "Thüringenliga 2024/25"]
[Site "?"]
[Date "2024.11.24"]
[Round "3.4"]
[White "Abou Wally, Adrian"]
[Black "Koch, Stefan"]
[Result "1/2-1/2"]
[WhiteElo "1984"]
[BlackElo "1902"]
[PlyCount "49"]
[EventDate "2024.09.15"]
[EventType "team-tourn"]
[EventRounds "9"]
[WhiteTeam "SV Schott Jena"]
[BlackTeam "SC Suhl"]

1. e4 b6 2. d4 Bb7 3. Nc3 e6 4. Be3 Bb4 5. f3 Ne7 6. Bd3 f5 7. Nge2 O-O 8. a3 Bxc3+ 9. Nxc3 Ba6 10. Bxa6 Nxa6 11. Qd3 Nb8 12. O-O-O d5 13. g4 fxe4 14. fxe4 Nbc6 15. Ne2 dxe4 16. Qxe4 Qd5 17. Qxd5 Nxd5 18. Bg5 Rf2 19. Nc3 Nxc3 20. bxc3 Na5 21. Kb2 Nc4+ 22. Kb3 Na5+ 23. Kb2 Nc4+ 24. Kb3 Na5+ 25. Kb2 1/2-1/2

[Event "Thüringenliga 2024/25"]
[Site "?"]
[Date "2024.11.24"]
[Round "3.5"]
[White "Trautmann, Johannes"]
[Black "Babrikowski, Peter"]
[Result "0-1"]
[WhiteElo "1818"]
[BlackElo "2026"]
[PlyCount "26"]
[EventDate "2024.09.15"]
[EventType "team-tourn"]
[EventRounds "9"]
[WhiteTeam "SC Suhl"]
[BlackTeam "SV Schott Jena"]

1. c4 e5 2. Nc3 Nf6 3. Nf3 Nc6 4. d4 e4 5. Ng5 Bb4 6. g3 d5 7. Bg2 h6 8. Nh3 dxc4 9. e3 Bg4 10. Qa4 Qd7 11. Nf4 g5 12. Nfe2 Bxe2 13. Kxe2 Bxc3 0-1

[Event "Thüringenliga 2024/25"]
[Site "?"]
[Date "2024.11.24"]
[Round "3.8"]
[White "Brömel, Richard"]
[Black "Will, Ralph"]
[Result "1/2-1/2"]
[WhiteElo "2001"]
[BlackElo "1735"]
[PlyCount "74"]
[EventDate "2024.09.15"]
[EventType "team-tourn"]
[EventRounds "9"]
[WhiteTeam "SV Schott Jena"]
[BlackTeam "SC Suhl"]

1. d4 Nf6 2. Nf3 e6 3. c3 b6 4. Bg5 Be7 5. Nbd2 d5 6. e3 Nbd7 7. Bb5 O-O 8. Qe2 Bb7 9. O-O a6 10. Bd3 h6 11. Bh4 Ne4 12. Bxe7 Qxe7 13. c4 Nxd2 14. Nxd2 dxc4 15. Nxc4 c5 16. dxc5 Qxc5 17. Rfd1 Ne5 18. Nxe5 Qxe5 19. Rac1 b5 20. Bb1 Rfd8 21. h3 Rac8 22. Rxc8 Rxc8 23. Qd2 g6 24. Qd7 Qc7 25. Qxc7 Rxc7 26. f3 h5 27. Kf2 Kf8 28. e4 Ke7 29. Ke3 e5 30. Rd2 Rc1 31. Bc2 g5 32. Kd3 Re1 33. Re2 Rxe2 34. Kxe2 h4 35. b4 f6 36. a4 Bc6 37. axb5 axb5 1/2-1/2

[Event "Thüringenliga 2024/25"]
[Site "?"]
[Date "2024.11.24"]
[Round "3.1"]
[White "Bock, Marlon"]
[Black "Berger, Thomas"]
[Result "1-0"]
[WhiteElo "2059"]
[BlackElo "2111"]
[PlyCount "45"]
[EventDate "2024.09.15"]
[EventType "team-tourn"]
[EventRounds "9"]
[WhiteTeam "SSV Vimaria 91 Weimar"]
[BlackTeam "fuß brothers Jena"]

1. d4 Nf6 2. c4 e6 3. Nc3 b6 4. e4 Bb4 5. Bd3 Bb7 6. Qe2 Bxc3+ 7. bxc3 d6 8. f4 Nfd7 9. e5 dxe5 10. fxe5 c5 11. Nf3 Nf8 12. O-O f5 13. exf6 gxf6 14. d5 Qe7 15. Ne5 Kd8 16. Rxf6 Kc8 17. Rf7 Qe8 18. dxe6 Nc6 19. Nxc6 Bxc6 20. Bf5 Ng6 21. Bxg6 hxg6 22. Qe5 Qd8 23. Bf4 1-0

[Event "Thüringenliga 2024/25"]
[Site "?"]
[Date "2024.11.24"]
[Round "3.2"]
[White "Zipfel, Frank"]
[Black "Philipp, Mathias"]
[Result "0-1"]
[WhiteElo "2005"]
[BlackElo "2208"]
[PlyCount "58"]
[EventDate "2024.09.15"]
[EventType "team-tourn"]
[EventRounds "9"]
[WhiteTeam "fuß brothers Jena"]
[BlackTeam "SSV Vimaria 91 Weimar"]

1. e4 e6 2. d3 d5 3. Nd2 e5 4. Ngf3 Nc6 5. g3 dxe4 6. dxe4 Nf6 7. Bg2 Bc5 8. O-O O-O 9. b3 Qe7 10. a3 a5 11. Bb2 Rd8 12. Re1 b5 13. Qe2 Ba6 14. c4 bxc4 15. Nxc4 Ng4 16. Rf1 Rab8 17. h3 Nxf2 18. Rxf2 Rxb3 19. Rc1 Rdb8 20. Bxe5 Bxc4 21. Qxc4 Bxf2+ 22. Kxf2 Nxe5 23. Qxc7 Nd3+ 24. Kg1 Qxc7 25. Rxc7 Rxa3 26. Nd4 Rb1+ 27. Kh2 g6 28. h4 Ra2 29. Kh3 Nf2+ 0-1

[Event "Thüringenliga 2024/25"]
[Site "?"]
[Date "2024.11.24"]
[Round "3.3"]
[White "Aepfler, Christian"]
[Black "Latka, Richard"]
[Result "0-1"]
[WhiteElo "2112"]
[BlackElo "1903"]
[PlyCount "112"]
[EventDate "2024.09.15"]
[EventType "team-tourn"]
[EventRounds "9"]
[WhiteTeam "SSV Vimaria 91 Weimar"]
[BlackTeam "fuß brothers Jena"]

1. e4 c5 2. c3 d5 3. exd5 Qxd5 4. d4 Nf6 5. Nf3 Nc6 6. Be2 g6 7. O-O cxd4 8. cxd4 Bg7 9. Nc3 Qd8 10. d5 Nb8 11. Bb5+ Nbd7 12. d6 e6 13. Bf4 O-O 14. Qd2 Re8 15. Rfd1 a6 16. Be2 b5 17. a3 Bb7 18. Rac1 Rc8 19. b4 Nb6 20. Bg5 Nbd5 21. Nxd5 exd5 22. Rxc8 Qxc8 23. Bd3 Qe6 24. Bf4 Nh5 25. Re1 Qd7 26. Rxe8+ Qxe8 27. Be3 Qd8 28. Bc5 Bf8 29. g4 Ng7 30. Qf4 Ne6 31. Qe5 Qc8 32. Nd4 Bg7 33. d7 Bxe5 34. dxc8=Q+ Bxc8 35. Nc6 Bf6 36. Bd6 Nd4 37. Nxd4 Bxd4 38. g5 Bb2 39. Kg2 Bxa3 40. Kf3 Bd7 41. Ke3 a5 42. Kd4 Bxb4 43. Bxb4 axb4 44. Bc2 Kf8 45. Bb3 Ke7 46. f4 Ke6 47. Bxd5+ Kf5 48. Ke3 Be6 49. Bf3 Ba2 50. h3 Ke6 51. Kd4 Kd6 52. Be4 Be6 53. h4 b3 54. Kc3 Kc5 55. Bf3 b4+ 56. Kb2 Kd4 0-1

[Event "Thüringenliga 2024/25"]
[Site "?"]
[Date "2024.11.24"]
[Round "3.4"]
[White "Wicklein, Stefan"]
[Black "Philipp, Michael"]
[Result "1/2-1/2"]
[WhiteElo "1940"]
[BlackElo "2033"]
[PlyCount "36"]
[EventDate "2024.09.15"]
[EventType "team-tourn"]
[EventRounds "9"]
[WhiteTeam "fuß brothers Jena"]
[BlackTeam "SSV Vimaria 91 Weimar"]

1. d4 f5 2. g3 g6 3. Bg2 Bg7 4. Nc3 Nf6 5. e4 fxe4 6. Nxe4 Nxe4 7. Bxe4 O-O 8. c3 c6 9. f4 d5 10. Bg2 Qd6 11. Qe2 Nd7 12. Nf3 Nf6 13. Ne5 Bf5 14. O-O Be4 15. Nd3 b6 16. Nf2 Bxg2 17. Kxg2 c5 18. Be3 Nd7 1/2-1/2

[Event "Thüringenliga 2024/25"]
[Site "?"]
[Date "2024.11.24"]
[Round "3.5"]
[White "Riedel, Finn"]
[Black "Richter, Sebastian"]
[Result "1/2-1/2"]
[WhiteElo "1994"]
[BlackElo "1857"]
[PlyCount "48"]
[EventDate "2024.09.15"]
[EventType "team-tourn"]
[EventRounds "9"]
[WhiteTeam "SSV Vimaria 91 Weimar"]
[BlackTeam "fuß brothers Jena"]

1. e4 c5 2. Nc3 e6 3. f4 d5 4. e5 Nc6 5. Nf3 h5 6. g3 Nh6 7. Bh3 Be7 8. d3 g6 9. Bd2 b6 10. Ne2 Bb7 11. d4 Qd7 12. c3 O-O-O 13. Ng5 Kb8 14. Be3 Rc8 15. Rc1 Na5 16. b3 Ba6 17. Qd2 Rc7 18. O-O Bb5 19. Rfd1 c4 20. b4 Nb7 21. Rf1 Rcc8 22. Ra1 Rcg8 23. Kg2 Nd8 24. Ng1 Ba4 1/2-1/2

[Event "Thüringenliga 2024/25"]
[Site "?"]
[Date "2024.11.24"]
[Round "3.6"]
[White "Latka, Robert"]
[Black "Homberger, Jan"]
[Result "1/2-1/2"]
[WhiteElo "1890"]
[BlackElo "1908"]
[PlyCount "103"]
[EventDate "2024.09.15"]
[EventType "team-tourn"]
[EventRounds "9"]
[WhiteTeam "fuß brothers Jena"]
[BlackTeam "SSV Vimaria 91 Weimar"]

1. e4 e5 2. Nf3 Nc6 3. Bb5 a6 4. Ba4 Nf6 5. O-O d6 6. Re1 Bd7 7. c3 g6 8. d4 Bg7 9. Bxc6 Bxc6 10. dxe5 Nxe4 11. exd6 O-O 12. dxc7 Qxc7 13. Be3 Rad8 14. Nd4 b5 15. Nd2 b4 16. Nxe4 Bxe4 17. Bg5 Rd5 18. Rxe4 Rxg5 19. Nf3 Rb5 20. Rxb4 Rxb4 21. cxb4 Bxb2 22. Rb1 Bf6 23. a4 Qc4 24. Qb3 Qf4 25. Qe3 Qc4 26. h3 Rb8 27. Qb3 Qe4 28. b5 a5 29. Re1 Qf4 30. g3 Qf5 31. Kg2 Rc8 32. Qb1 Qd5 33. Qe4 Qa2 34. Re2 Qb3 35. Qf4 Bc3 36. Ng5 Bb4 37. Qh4 h5 38. Qf4 Rf8 39. b6 Qxa4 40. Qc7 Qd1 41. Qc4 Qd7 42. Ne4 Qb7 43. Qc7 Rb8 44. Qxb7 Rxb7 45. Nf6+ Kf8 46. Nd5 Bc5 47. Rc2 Bd6 48. Rc7 Rb8 49. Ra7 Bc5 50. Ra6 a4 51. Rxa4 Bxb6 52. Nxb6 1/2-1/2

[Event "Thüringenliga 2024/25"]
[Site "?"]
[Date "2024.11.24"]
[Round "3.7"]
[White "Gulich, Christian"]
[Black "Götting, Danilo"]
[Result "1/2-1/2"]
[WhiteElo "1911"]
[BlackElo "1725"]
[PlyCount "138"]
[EventDate "2024.09.15"]
[EventType "team-tourn"]
[EventRounds "9"]
[WhiteTeam "SSV Vimaria 91 Weimar"]
[BlackTeam "fuß brothers Jena"]

1. e4 e6 2. d4 d5 3. Nc3 Bb4 4. e5 c5 5. Qg4 Ne7 6. a3 Bxc3+ 7. bxc3 Qc7 8. Qxg7 Rg8 9. Qxh7 cxd4 10. Ne2 dxc3 11. f4 Nbc6 12. Qd3 Nf5 13. Nxc3 a6 14. g4 Nfd4 15. h3 Bd7 16. Bg2 Rc8 17. Be3 Nxe5 18. Qxd4 Qxc3+ 19. Qxc3 Rxc3 20. Kd2 Nc4+ 21. Kxc3 Nxe3 22. Bf3 Ba4 23. Kd2 Nc4+ 24. Kd3 Ke7 25. h4 Rc8 26. Ra2 Bb5 27. Kd4 Nd2 28. Bg2 Rc4+ 29. Ke3 Ne4 30. Bxe4 Rxe4+ 31. Kf3 Be2+ 32. Kg3 Re3+ 33. Kf2 Re4 34. g5 Bc4 35. Rb2 b5 36. Kf3 Be2+ 37. Kg3 Bh5 38. Rf1 Re3+ 39. Kg2 Rxa3 40. Rb3 Ra2 41. Rc3 b4 42. Rc8 b3 43. Rf2 b2 44. Rb8 Bg6 45. f5 Bxf5 46. Rxf5 exf5 47. h5 Ra4 48. h6 Rg4+ 49. Kf3 Rxg5 50. Rxb2 Rh5 51. Rb6 a5 52. Kf4 a4 53. Ke5 f6+ 54. Kxd5 Rxh6 55. Rb7+ Kd8 56. Ra7 Rh4 57. c4 f4 58. Rxa4 f3 59. Ra1 f2 60. Kd6 Kc8 61. c5 f5 62. c6 Rh6+ 63. Ke5 Rxc6 64. Rf1 Rc5+ 65. Kf4 Kd7 66. Rxf2 Ke6 67. Ra2 Rc4+ 68. Kf3 Kf6 69. Ra8 Rc3+ 1/2-1/2

[Event "Thüringenliga 2024/25"]
[Site "?"]
[Date "2024.11.24"]
[Round "3.8"]
[White "Tittmann, Julian"]
[Black "Kölpin, Arvid"]
[Result "0-1"]
[WhiteElo "1670"]
[BlackElo "1912"]
[PlyCount "112"]
[EventDate "2024.09.15"]
[EventType "team-tourn"]
[EventRounds "9"]
[WhiteTeam "fuß brothers Jena"]
[BlackTeam "SSV Vimaria 91 Weimar"]

1. Nf3 d5 2. c4 c6 3. b3 Nf6 4. g3 Bf5 5. Bg2 Nbd7 6. Bb2 Qc7 7. d3 e5 8. cxd5 cxd5 9. Nbd2 Bb4 10. O-O h6 11. a3 Ba5 12. Rc1 Qd6 13. Rc2 O-O 14. b4 Bb6 15. Qa1 Rfe8 16. h3 Bh7 17. Re1 a5 18. b5 a4 19. e4 dxe4 20. dxe4 Qd3 21. Rc4 Ba5 22. Re3 Qd6 23. Bc3 Nb6 24. Bb4 Bxb4 25. Rxb4 Rac8 26. Qb2 Rc5 27. Rc3 Rec8 28. Rxc5 Rxc5 29. Bf1 Qc7 30. Bd3 Ne8 31. Ne1 Nd6 32. Nc2 Rc3 33. Bc4 Rxc4 34. Nxc4 Ndxc4 35. Qc3 Qc8 36. Ne3 Nxe3 37. Qxe3 Qe6 38. Kg2 Bg6 39. Rb1 Nc4 40. Qd3 Bxe4+ 41. Qxe4 Nd2 42. Qxb7 Nxb1 43. Qa8+ Kh7 44. Qe4+ g6 45. Qxb1 Qd5+ 46. Kh2 Qb3 47. Qf1 Qxa3 48. b6 Qb2 49. Qa6 Qxf2+ 50. Kh1 a3 51. b7 a2 52. b8=Q Qe1+ 53. Kg2 a1=Q 54. Qxg6+ Kxg6 55. Qg8+ Kf6 56. Qd8+ Kg7 0-1

[Event "Thüringenliga 2024/25"]
[Site "?"]
[Date "2024.11.24"]
[Round "3.1"]
[White "Ziganshin, Ainur"]
[Black "Aniol, Adrian"]
[Result "1/2-1/2"]
[WhiteElo "2244"]
[BlackElo "1960"]
[PlyCount "80"]
[EventDate "2024.09.15"]
[EventType "team-tourn"]
[EventRounds "9"]
[WhiteTeam "Ilmenauer SV"]
[BlackTeam "VfL 1990 Gera"]

1. e4 c5 2. Nf3 Nc6 3. Nc3 Nf6 4. Bb5 Qc7 5. O-O a6 6. Bxc6 Qxc6 7. e5 Nd5 8. Ne4 b6 9. Re1 Bb7 10. d4 Nc7 11. b3 Ne6 12. Ba3 f5 13. exf6 exf6 14. c4 cxd4 15. Nxd4 Nxd4 16. Nd6+ Kd8 17. Nxb7+ Qxb7 18. Bxf8 Rxf8 19. Qxd4 Qc6 20. Rad1 Rf7 21. Qf4 Re7 22. h3 Ke8 23. Qh4 h6 24. Rxe7+ Kxe7 25. Qg4 g5 26. Rd3 Rf8 27. Qf5 Kd8 28. Re3 Qd6 29. g3 Kc7 30. Kg2 Rf7 31. a4 Re7 32. Rxe7 Qxe7 33. a5 Qe6 34. axb6+ Qxb6 35. Qd3 Qd6 36. Qc3 Qe5 37. Qb4 a5 38. Qd2 f5 39. b4 axb4 40. Qxb4 f4 1/2-1/2

[Event "Thüringenliga 2024/25"]
[Site "?"]
[Date "2024.11.24"]
[Round "3.2"]
[White "Seidens, Gunter"]
[Black "Geißhirt, Marco"]
[Result "0-1"]
[WhiteElo "1929"]
[BlackElo "1985"]
[PlyCount "178"]
[EventDate "2024.09.15"]
[EventType "team-tourn"]
[EventRounds "9"]
[WhiteTeam "VfL 1990 Gera"]
[BlackTeam "Ilmenauer SV"]

1. d4 d5 2. Nf3 Nf6 3. c4 e6 4. Nc3 c6 5. Bg5 dxc4 6. e4 b5 7. e5 h6 8. Bxf6 gxf6 9. a4 Bb4 10. Be2 f5 11. O-O Bxc3 12. bxc3 Bb7 13. Qb1 Qb6 14. d5 cxd5 15. axb5 Nd7 16. Bd1 Nc5 17. Bc2 Ne4 18. Ra3 Rg8 19. Qc1 Qc5 20. Nd4 Rg6 21. Ba4 Kf8 22. Bd1 Qe7 23. f4 Kg8 24. Bf3 Nc5 25. Ra2 Kh7 26. Qc2 Nd3 27. Qd2 a6 28. bxa6 Rxa6 29. Rxa6 Bxa6 30. g3 Rg8 31. Rb1 Qa3 32. Kf1 Ra8 33. Be2 Nc5 34. Bd1 Ne4 35. Qc1 Qxc3 36. Qxc3 Nxc3 37. Rc1 Ne4 38. Bc2 Nc5 39. Rb1 c3+ 40. Kf2 Bc4 41. Ke3 Kg7 42. h3 Ra2 43. g4 fxg4 44. hxg4 Rb2 45. Rc1 Kf8 46. f5 Ke8 47. f6 Nd7 48. Ba4 Rh2 49. Rxc3 Rh3+ 50. Kd2 Rxc3 51. Kxc3 Kd8 52. Bxd7 Kxd7 53. Kd2 Ba2 54. Ke3 Bb1 55. Kf4 Bg6 56. Ke3 Kc7 57. Ne2 Kd8 58. Nd4 Bb1 59. Kf4 Bd3 60. Ke3 Ba6 61. Kf4 Bd3 62. Ke3 Bh7 63. Kf4 Ke8 64. Nf3 Kf8 65. Nd4 Kg8 66. Nf3 Bd3 67. Nd4 Kh7 68. Nf3 Bb5 69. Nd4 Bd7 70. Nf3 Kg6 71. Nd4 h5 72. gxh5+ Kxh5 73. Nf3 Be8 74. Nd4 Kh4 75. Nf3+ Kh3 76. Kg5 Kg3 77. Nd4 Kf2 78. Kf4 Bd7 79. Nb3 Ke2 80. Kg5 Ke3 81. Kh6 d4 82. Kg7 d3 83. Kxf7 Ba4 84. Ke7 Bxb3 85. f7 d2 86. f8=Q d1=Q 87. Qh6+ Ke4 88. Qh2 Qd3 89. Kf6 Qf3+ 0-1